| 000 | 00000nam##2200000za#4500 |
| 001 | 9.651207 |
| 003 | CaOODSP |
| 005 | 20210929082800 |
| 007 | ta |
| 008 | 150407|2002||||xxc||||| f|0| 0 eng|d |
| 020 | |a0-9688726-2-X |
| 040 | |aCaOODSP|beng |
| 043 | |an-cn--- |
| 086 | 1 |aFo4-14/3-2002E |
| 110 | 1 |aCanada. |bNatural Resources Canada. |bCanadian Forest Service. |
| 245 | 10|aCanada's forests : |ball things big and small / |c[Published by] Canadian Forestry Association. |
| 246 | 3 |aA teaching kit. Volume 3, Biodiversity |
| 260 | |aOttawa - Ontario : |bNatural Resources Canada. |cc2002. |
| 300 | |a40p. : |bglossary, illus. ; |c28 cm. + |eTwo full-colour bilingual posters. |
| 500 | |aTitles of the posters: "Sustainable forests, a Canadian commitment", "Canada's forests : rooted in our lives". To order free copies of the CFA Teaching Kit series, please visit the website at the URL indicated below. |
| 520 | 3 |aProvides educators with the tools to help young people better understand the value of forests and the importance of protecting and conserving them. |
| 563 | |aSoftcover |
| 590 | |a08-19|b2008-05-09 |
| 775 | 08|tLes forêts du Canada : |w(CaOODSP)9.684253 |
| 776 | 0#|tCanada's forests : |w(CaOODSP)9.697410 |